<?xml version="1.0" encoding="UTF-8"?>
<record
    xmlns:xsi="http://www.w3.org/2001/XMLSchema-instance"
    xsi:schemaLocation="http://www.loc.gov/MARC21/slim http://www.loc.gov/standards/marcxml/schema/MARC21slim.xsd"
    xmlns="http://www.loc.gov/MARC21/slim">

  <leader>016010000a22001090004500</leader>
  <datafield tag="100" ind1="1" ind2=" ">
    <subfield code="a">Torreblanca, Jorge</subfield>
  </datafield>
  <datafield tag="245" ind1="1" ind2="0">
    <subfield code="a">Jerem&#xED;as : Una lectura estructural</subfield>
  </datafield>
  <datafield tag="300" ind1=" " ind2=" ">
    <subfield code="a">Num. 35-36 (2000), P&#xE1;ginas 68-82</subfield>
  </datafield>
  <datafield tag="520" ind1=" " ind2=" ">
    <subfield code="a">Despu&#xE9;s de una introducci&#xF3;n sobre la imagen de &#x201C;desorden&#x201D; que la cr&#xED;tica b&#xED;blica ha dado de la construcci&#xF3;n del libro de Jerem&#xED;as, se expone un intento de analizarlo, en su totalidad, como una obra inteligente y coherentemente estructurada. El centro estar&#xED;a en el cap. 25. De cada lado de este punto central, se observan simetr&#xED;as tem&#xE1;ticas y sobre todo de vocabulario. El art&#xED;culo propone un esquema muy abreviado (es parte de una tesis doctoral en ISEDET) de cada uno de los niveles estructurales. Se empieza por los extremos y el centro, que dan las claves de lectura, y luego se sigue por pares o bloques sim&#xE9;tricos. Los resultados son novedosos, y se entienden puntos oscuros para la ex&#xE9;gesis, como el t&#xED;tulo de Jerem&#xED;as de &#x201C;profeta de las naciones&#x201D;, la doble interpretaci&#xF3;n tanto de &#xE9;stas  como de la suerte de Jud&#xE1; y Jerusal&#xE9;n, el relieve del tema de la obediencia a la palabra divina dada por medio de Jerem&#xED;as. Tambi&#xE9;n se entiende el traslado de los or&#xE1;culos sobre las naciones hacia el final de la obra (en los LXX est&#xE1;n en el centro). Con esta visi&#xF3;n sincr&#xF3;nica, el libro de Jerem&#xED;as adquiere un nuevo sentido. Es una ayuda complementaria para captar su mensaje y entender muchos de los problemas que surgen desde los m&#xE9;todos diacr&#xF3;nicos de acceso al texto.</subfield>
  </datafield>
  <datafield tag="773" ind1="0" ind2=" ">
    <subfield code="t">Revista de Interpretaci&#xF3;n B&#xED;blica Latinoamericana</subfield>
  </datafield>
  <datafield tag="942" ind1=" " ind2=" ">
    <subfield code="c">ANA</subfield>
  </datafield>
  <datafield tag="952" ind1=" " ind2=" ">
    <subfield code="0">0</subfield>
    <subfield code="1">0</subfield>
    <subfield code="4">0</subfield>
    <subfield code="7">0</subfield>
    <subfield code="8">HEM</subfield>
    <subfield code="a">FUSBC</subfield>
    <subfield code="b">FUSBC</subfield>
    <subfield code="d">2016-01-26</subfield>
    <subfield code="l">0</subfield>
    <subfield code="o"> </subfield>
    <subfield code="r">2016-01-26 00:00:00</subfield>
    <subfield code="w">2016-01-26</subfield>
    <subfield code="y">ANA</subfield>
  </datafield>
  <datafield tag="999" ind1=" " ind2=" ">
    <subfield code="c">52525</subfield>
    <subfield code="d">52525</subfield>
  </datafield>
</record>
